<?xml version="1.0" encoding="UTF-8"?>
<collection xmlns="http://www.loc.gov/MARC21/slim">
 <record>
  <leader>01646pamaa2200289   4500</leader>
  <controlfield tag="001">0000043569</controlfield>
  <controlfield tag="005">20121212090000.0</controlfield>
  <controlfield tag="008">080428                             eng  </controlfield>
  <datafield tag="020" ind1="0" ind2="0">
   <subfield code="a">9780443103186 (pbk.) </subfield>
  </datafield>
  <datafield tag="090" ind1="0" ind2="0">
   <subfield code="a">RG580.P48 </subfield>
   <subfield code="b">DIS 2007</subfield>
  </datafield>
  <datafield tag="245" ind1="1" ind2="0">
   <subfield code="a">Disability in pregnancy and childbirth  </subfield>
   <subfield code="c">edited by Stella McKay-Moffat.</subfield>
  </datafield>
  <datafield tag="260" ind1="0" ind2="0">
   <subfield code="a">Edinburgh ; New York: </subfield>
   <subfield code="b">Churchill Livingstone/Elsevier, </subfield>
   <subfield code="c">2007.</subfield>
  </datafield>
  <datafield tag="300" ind1=" " ind2=" ">
   <subfield code="a">xiv, 219 p.: </subfield>
   <subfield code="b">ill.; </subfield>
   <subfield code="c">25 cm.</subfield>
  </datafield>
  <datafield tag="500" ind1="0" ind2="0">
   <subfield code="a">Social construction of disability and motherhood  / Pam Lee -- Womens health and disability / Stella Mckay-Moffat &amp; Pam Lee -- Maternity services and women's experiences / Jackie Rotheram &amp; Stella Mckay-Moffat -- The role of the midwife in maternity service provision / Stella Mckay-Moffat &amp; Jackie Rotheram -- Women with intellectual disabilities / Linda Moss -- Midwives skills, knowledge, and attitudes: how they can affect maternity services / Stella Mckay-Moffat -- Sensory impairment / Stella Mckay-Moffat -- The interaction between specific conditions and the childbirth continuum / Stella Mckay-Moffat -- Resources / Stella Mckay-Moffat ... [et al.]</subfield>
  </datafield>
  <datafield tag="501" ind1="0" ind2="0">
   <subfield code="a">SAH</subfield>
  </datafield>
  <datafield tag="504" ind1="0" ind2="0">
   <subfield code="a">Includes bibliographical references and index</subfield>
  </datafield>
  <datafield tag="650" ind1="0" ind2="0">
   <subfield code="a">Disabled Persons </subfield>
  </datafield>
  <datafield tag="650" ind1="0" ind2="0">
   <subfield code="a">Pregnancy in women with disabilities </subfield>
  </datafield>
  <datafield tag="650" ind1="0" ind2="0">
   <subfield code="a">Women with disabilities -- </subfield>
   <subfield code="x">Health and hygiene </subfield>
  </datafield>
  <datafield tag="650" ind1="0" ind2="0">
   <subfield code="a">Women with disabilities -- </subfield>
   <subfield code="x">Medical care </subfield>
  </datafield>
  <datafield tag="650" ind1="0" ind2="0">
   <subfield code="a">Midwives </subfield>
  </datafield>
  <datafield tag="650" ind1="0" ind2="0">
   <subfield code="a">Pregnancy Complications </subfield>
  </datafield>
  <datafield tag="650" ind1="0" ind2="0">
   <subfield code="a">Delivery, Obstetric </subfield>
  </datafield>
  <datafield tag="650" ind1="0" ind2="0">
   <subfield code="a">Midwifery -- </subfield>
   <subfield code="x">methods </subfield>
  </datafield>
  <datafield tag="650" ind1="0" ind2="0">
   <subfield code="a">Pregnancy </subfield>
  </datafield>
  <datafield tag="700" ind1="1" ind2="1">
   <subfield code="a">McKay-Moffat, </subfield>
   <subfield code="h">Stella </subfield>
  </datafield>
  <datafield tag="901" ind1=" " ind2=" ">
   <subfield code="u">http://www.elsevierhealth.com</subfield>
  </datafield>
 </record>
</collection>
